| 000 | 00769nam a22002417a 4500 | ||
|---|---|---|---|
| 999 |
_c809 _d809 |
||
| 001 | 8103 | ||
| 003 | BD-DhUAP | ||
| 005 | 20200128114124.0 | ||
| 008 | 200128s1997 ii ab b 000 0 eng d | ||
| 020 | _a0195647653 | ||
| 040 |
_aDGU _cDGU _dBD-DhUAP _bEng |
||
| 082 | 0 | 0 |
_223 _a320.954 STA |
| 245 | 0 | 0 |
_aState and politics in India / _cedited by Partha Chatterjee. |
| 260 |
_aDelhi : _bOxford University Press, _cc1997. |
||
| 300 |
_ax, 576 pages : _billustrations ; _c23 cm. |
||
| 440 | 0 | _aThemes in politics series. | |
| 504 | _aIncludes bibliographical references (p. [566]-576) | ||
| 650 | 0 |
_aState governments _zIndia. |
|
| 650 | 0 |
_aFederal government _zIndia. |
|
| 651 | 0 |
_aIndia _xPolitics and government _y1947- |
|
| 700 | 1 | _aChatterjee, Partha. | |
| 942 |
_2ddc _cBK |
||